Oeuvres complètes de Shakspeare / (Record no. 165299)

MARC details
000 -LEADER
campo de control de longitud fija 00709nam a22001815i 4500
001 - NÚMERO DE CONTROL
campo de control 165299
003 - IDENTIFICADOR DE NÚMERO DE CONTROL
campo de control ES-MaACL
005 - FECHA Y HORA DE LA ÚLTIMA TRANSACCIÓN
campo de control 20250716062537.0
008 - DATOS DE LONGITUD FIJA--INFORMACIÓN GENERAL
campo de control de longitud fija 050906s1839 fr | |||||||| ||fre d
040 ## - FUENTE DE CATALOGACIÓN
Centro catalogador/agencia de origen CAM
Lengua de catalogación spa
Centro/agencia transcriptor CAM
100 1# - ENTRADA PRINCIPAL--NOMBRE DE PERSONA
Nombre de persona Shakespeare, William,
Fechas asociadas al nombre 1564-1616
9 (RLIN) 105992
245 10 - MENCIÓN DEL TÍTULO
Título Oeuvres complètes de Shakspeare /
Mención de responsabilidad, etc. traduction ... par Francisque Michel et précédée de la vie de Shakspeare par Wordsworth.
260 ## - PUBLICACIÓN, DISTRIBUCIÓN, ETC.
Lugar de publicación, distribución, etc. Paris :
Nombre del editor, distribuidor, etc. H. Delloye :
-- et chez Firmin Didot Frères,
Fecha de publicación, distribución, etc. 1839 (
Fabricante Imprimerie de Boulé et Comp.)
300 ## - DESCRIPCIÓN FÍSICA
Extensión 3 v. ;
Dimensiones 24 cm.
700 0# - ENTRADA AGREGADA--NOMBRE PERSONAL
Nombre de persona Michel, Francisque.
9 (RLIN) 80892
852 ## - LOCALIZACIÓN
Ubicación ES-MaACL
Número de control de estantería B-1336-1338
Nota libre -- Enc. hol.
condición física -- El T. I falto de port.
Holdings
Estatus retirado Estado de pérdida Estado de daño No para préstamo Colección Biblioteca de origen Biblioteca actual Ubicación en estantería Fecha de adquisición Fuente de adquisición Total de préstamos Signatura topográfica completa Código de barras Visto por última vez Precio de reemplazo Tipo de ítem Koha
        Libros del s. XIX Biblioteca del Ateneo de Madrid Biblioteca del Ateneo de Madrid Sala Pardo Bazán 17/01/2008     B-1336-1338 1173334 23/02/2023 23/02/2023 Libro impreso antiguo